LEADER 01354nam a2200313 a 4500
001 0017166
003 BD-DhAAL
008 090726s2003 pau b 001 0 eng d
010 |a  2002151006 
020 |a 0791063542 
040 |a DLC  |c DLC  |d DLC  |d BD-DhAAL 
082 0 0 |a 882.01  |2 21 
245 0 0 |a Sophocles /  |c edited and with an introduction by Harold Bloom. 
260 |a Philadelphia :  |b Chelsea House Publishers,  |c 2003. 
300 |a 106 p. ;  |c 24 cm 
490 0 |a Bloom's major dramatists 
504 |a Includes bibliographical references (p. 97-101) and index. 
526 |a ENH  |x Prof. Syed Manzoorul Islam Faculty Member of BRAC University 
541 1 |e 00017166  |a Friends' Book Corner 
600 0 0 |a Sophocles  |x Criticism and interpretation.  |9 58313 
650 0 |a Oedipus (Greek mythology) in literature.  |9 45499 
650 0 |a Antigone (Greek mythology) in literature.  |9 58314 
650 0 |a Mythology, Greek, in literature.  |9 58044 
650 0 |a Tragedy. 
700 1 |a Bloom, Harold. 
852 4 |a Ayesha Abed Library  |c General Stacks 
942 |2 ddc  |c BK 
999 |c 2877  |d 2877 
952 |0 0  |1 0  |2 ddc  |4 0  |6 882_010000000000000_SOP  |7 0  |9 14194  |a BRACUL  |b BRACUL  |c GEN  |d 2011-01-25  |e Friends' Book Corner  |g 747.00  |l 9  |m 61  |o 882.01 SOP  |p 3010017166  |r 2025-11-02  |s 2025-10-21  |t 1  |w 2011-01-25  |y BK  |x Requisitioned by Prof. Syed Manzoorul Islam (Faculty Member of BRAC University).